How to run seminars & workshops : (Record no. 358355)
[ view plain ]
| 000 -LEADER | |
|---|---|
| fixed length control field | 00737nam a22002177a 4500 |
| 003 - CONTROL NUMBER IDENTIFIER | |
| control field | SISC |
| 005 - DATE AND TIME OF LATEST TRANSACTION | |
| control field | 20180824171923.0 |
| 008 - FIXED-LENGTH DATA ELEMENTS--GENERAL INFORMATION | |
| fixed length control field | 180824b xxu||||| |||| 00| 0 eng d |
| 020 ## - INTERNATIONAL STANDARD BOOK NUMBER | |
| International Standard Book Number | 9781119374343 |
| 050 ## - LIBRARY OF CONGRESS CALL NUMBER | |
| Classification number | AS 6 |
| Item number | .J65 2017 |
| 100 ## - MAIN ENTRY--PERSONAL NAME | |
| Personal name | Jolles, Robert L. |
| 245 ## - TITLE STATEMENT | |
| Title | How to run seminars & workshops : |
| Remainder of title | presentations skills for consultants, trainers, teachers and salespeople / |
| Statement of responsibility, etc | Robert L. Jolles |
| 250 ## - EDITION STATEMENT | |
| Edition statement | Fourth edition |
| 260 ## - PUBLICATION, DISTRIBUTION, ETC. (IMPRINT) | |
| Place of publication, distribution, etc | New Jersey : |
| Name of publisher, distributor, etc | Wiley, |
| Date of publication, distribution, etc | c2017. |
| 300 ## - PHYSICAL DESCRIPTION | |
| Extent | 330 pages : |
| Other physical details | illustrations ; |
| Dimensions | 22 cm. |
| 500 ## - GENERAL NOTE | |
| General note | Includes bibliographical references and index. |
| 650 ## - SUBJECT ADDED ENTRY--TOPICAL TERM | |
| Topical term or geographic name as entry element | Seminars |
| Form subdivision | Handbooks, manuals, etc. |
| 650 ## - SUBJECT ADDED ENTRY--TOPICAL TERM | |
| Topical term or geographic name as entry element | Meetings |
| Form subdivision | Handbooks, manuals, etc. |
| 942 ## - ADDED ENTRY ELEMENTS (KOHA) | |
| Source of classification or shelving scheme | Library of Congress Classification |
| Koha item type | Books |
| Withdrawn status | Lost status | Source of classification or shelving scheme | Damaged status | Home library | Current library | Shelving location | Date acquired | Source of acquisition | Sub Shelving location | Total Checkouts | Full call number | Barcode | Date last seen | Copy number | Price effective from | Koha item type | Public note |
|---|---|---|---|---|---|---|---|---|---|---|---|---|---|---|---|---|---|
| Library of Congress Classification | Luxembourg Library | Luxembourg Library | High School Section | 08/24/2018 | Library Fund | AS 6 .J65 2017 | 20537 | 08/24/2018 | 1 | 08/24/2018 | Books | Be amazing. Be Southville! |